Lý thuyết nhóm và ứng dụng vào vật lý học lượng tử

সংরক্ষণ করুন:
গ্রন্থ-পঞ্জীর বিবরন
প্রধান লেখক: Nguyễn, Hoàng Phương
বিন্যাস: গ্রন্থ
ভাষা:Undetermined
প্রকাশিত: H. KHKT
বিষয়গুলি:
ট্যাগগুলো: ট্যাগ যুক্ত করুন
কোনো ট্যাগ নেই, প্রথমজন হিসাবে ট্যাগ করুন!
Thư viện lưu trữ: Trung tâm Học liệu Trường Đại học Cần Thơ
LEADER 00656nam a2200193Ia 4500
001 CTU_49996
008 210402s9999 xx 000 0 und d
082 |a 512.22 
082 |b Ph561 
100 |a Nguyễn, Hoàng Phương 
245 0 |a Lý thuyết nhóm và ứng dụng vào vật lý học lượng tử 
245 0 |c Nguyễn Hoàng Phương 
260 |a H. 
260 |b KHKT 
526 |a Hoá học cao phân tử,Lý thuyết nhóm,Lý thuyết nhóm 
526 |b TN610,TN674,SP303 
650 |a quantum groups,group theory 
904 |i Minh 
980 |a Trung tâm Học liệu Trường Đại học Cần Thơ